Handbook of perception and action, three volume set / (Record no. 14787)
[ view plain ]
| 000 -LEADER | |
|---|---|
| fixed length control field | 01169nam a2200241 a 4500 |
| 001 - CONTROL NUMBER | |
| control field | ASIN0125161638 |
| 003 - CONTROL NUMBER IDENTIFIER | |
| control field | OSt |
| 005 - DATE AND TIME OF LATEST TRANSACTION | |
| control field | 20170105102904.0 |
| 008 - FIXED-LENGTH DATA ELEMENTS--GENERAL INFORMATION | |
| fixed length control field | 131021s1996 xxu eng d |
| 020 ## - INTERNATIONAL STANDARD BOOK NUMBER | |
| International Standard Book Number | 0125161638 (hardcover) |
| Terms of availability | $143.95 |
| 020 ## - INTERNATIONAL STANDARD BOOK NUMBER | |
| International Standard Book Number | 9780125161633 (hardcover) |
| 040 ## - CATALOGING SOURCE | |
| Original cataloging agency | 0 |
| 082 ## - DEWEY DECIMAL CLASSIFICATION NUMBER | |
| Classification number | 152 |
| Author Mark | HAN 1996 |
| 245 10 - TITLE STATEMENT | |
| Title | Handbook of perception and action, three volume set / |
| Statement of responsibility, etc. | edited by Odmar Neumann, A. F. Sanders. |
| 260 ## - PUBLICATION, DISTRIBUTION, ETC. | |
| Place of publication, distribution, etc. | [S.l.] : |
| Name of publisher, distributor, etc. | Academic Press, |
| Date of publication, distribution, etc. | 1996. |
| 300 ## - PHYSICAL DESCRIPTION | |
| Extent | 448 p. ; |
| Dimensions | 25 cm. |
| 500 ## - GENERAL NOTE | |
| General note | vol. 1. Perception. -- vol. 2. Motor skills. -- vol. 3. Attention. |
| 520 ## - SUMMARY, ETC. | |
| Summary, etc. | The Handbook of Perception and Action overviews state-of-the-art research in these two areas, while also stressing the functional relationships between them. The three-volume set will be useful toresearchers, technicians, graduate students, and final-year undergraduates in psychology, developmental psychology, speech and hearing, neuropsychology, neuroscience, and physiology. |
| 700 1# - ADDED ENTRY--PERSONAL NAME | |
| Personal name | Neumann, Odmar. |
| 700 1# - ADDED ENTRY--PERSONAL NAME | |
| Personal name | Sanders, A. F. |
| 856 40 - ELECTRONIC LOCATION AND ACCESS | |
| Materials specified | Amazon.com |
| Uniform Resource Identifier | <a href="http://www.amazon.com/exec/obidos/ASIN/0125161638/chopaconline-20">http://www.amazon.com/exec/obidos/ASIN/0125161638/chopaconline-20</a> |
| 942 ## - ADDED ENTRY ELEMENTS (KOHA) | |
| Source of classification or shelving scheme | |
| Koha item type | Reference |
| Withdrawn status | Lost status | Damaged status | Not for loan | Collection code | Permanent Location | Current Location | Shelving location | Date acquired | Total Checkouts | Full call number | Barcode | Date last seen | Price effective from | Koha item type |
|---|---|---|---|---|---|---|---|---|---|---|---|---|---|---|
| Centre for International Peace & Stability (CIPS) | Centre for International Peace & Stability (CIPS) | Reference | 09/12/2013 | REF 152 HAN 1996 | CIPS0000951 | 10/22/2013 | 10/22/2013 | Reference | ||||||
| Centre for International Peace & Stability (CIPS) | Centre for International Peace & Stability (CIPS) | Reference | 09/12/2013 | REF 152 HAN 1996 | CIPS0000952 | 10/22/2013 | 10/22/2013 | Reference | ||||||
| Centre for International Peace & Stability (CIPS) | Centre for International Peace & Stability (CIPS) | Reference | 09/12/2013 | REF 152 HAN 1996 | CIPS0000950 | 10/22/2013 | 10/22/2013 | Reference |
